00620nam a22001937a 450000500170000001000150001702000260003203500130005803700130007108200110008410000160009524500960011125000110020726000430021827001020026130000270036350000190039070000170040920140314122645.0 aENG-109454 c295.00a9789350352496 aEN-92987 bDBAD/PUB a344.01 aKumar,H.L. 00aPractical guide to payment of gratuity :cby H.L. Kumar [and] Gaurav Kumarbact and rules / a9th ed aDelhibUniversal Law Publishing c2013 aC-FF-1A, Dilkhus Industrial Estate, (Near Azadpur Metro Station) G.T. Karnal Road,bDelhie110033 axxvii,234p.c24cm(pbk) aIncludes index aGaurav Kumar